[Event "CHN-chT"]
[Site "Hangzhou"]
[Date "2018.06.23"]
[Round "7.8"]
[White "Gao, Mingze"]
[Black "Liu, Chuming"]
[Result "1-0"]
[WhiteElo "1933"]
[BlackElo "1463"]
[PlyCount "115"]
[EventDate "2018.06.19"]
[EventType "team-swiss"]
[EventRounds "9"]
[EventCountry "CHN"]
[SourceTitle "CBM 185 Extra"]
[Source "ChessBase"]
[SourceDate "2018.07.29"]
[SourceVersion "1"]
[SourceVersionDate "2018.07.29"]
[SourceQuality "1"]
[WhiteTeam "Hebei"]
[BlackTeam "Shanxi"]
[WhiteTeamCountry "CHN"]
[BlackTeamCountry "CHN"]

1. e4 d5 2. exd5 Qxd5 3. Nc3 Qd6 4. d4 Nf6 5. Nf3 a6 6. Bd3 Nc6 7. h3 Nb4 8. 0-0 Nxd3 9. Qxd3 g6 10. Ne4 Nxe4 11. Qxe4 Qe6 12. Qh4 f6 13. Re1 Qf5 14. Bf4 c6 15. Qg3 Be6 16. Bc7 Qd5 17. Re2 Qd7 18. Rae1 Bd5 19. Bd6 Bxf3 20. Rxe7+ Bxe7 21. Rxe7+ Qxe7 22. Bxe7 Kxe7 23. Qxf3 Rhe8 24. Qa3+ Kd7 25. Qb3 Rab8 26. Qf7+ Re7 27. Qxf6 Rbe8 28. g3 Re1+ 29. Kg2 R1e2 30. Qf7+ R8e7 31. Qb3 Kc7 32. Qd3 Re1 33. h4 Ra1 34. Qc4 Rd1 35. a4 Rd2 36. b4 h5 37. b5 axb5 38. axb5 Ree2 39. Qf7+ Kb6 40. bxc6 bxc6 41. c3 Rc2 42. c4 Red2 43. Qf4 Re2 44. Qf7 Red2 45. c5+ Ka6 46. Qf3 Kb7 47. Qb3+ Kc7 48. Qb6+ Kd7 49. Qb7+ Kd8 50. Qb8+ Ke7 51. Qc7+ Kf8 52. Qf4+ Ke7 53. g4 hxg4 54. Qc7+ Kf8 55. Qxc6 Rxf2+ 56. Kg3 Rf3+ 57. Kxg4 Rd3 58. Qf6+ 1-0

[Event "CHN-chT"]
[Site "Hangzhou"]
[Date "2018.06.20"]
[Round "3.8"]
[White "Liu, Chuming"]
[Black "Jin, Yueheng"]
[Result "0-1"]
[WhiteElo "1463"]
[BlackElo "1693"]
[PlyCount "118"]
[EventDate "2018.06.19"]
[EventType "team-swiss"]
[EventRounds "9"]
[EventCountry "CHN"]
[SourceTitle "CBM 185 Extra"]
[Source "ChessBase"]
[SourceDate "2018.07.29"]
[SourceVersion "1"]
[SourceVersionDate "2018.07.29"]
[SourceQuality "1"]
[WhiteTeam "Shanxi"]
[BlackTeam "Hangzhou Chess School"]
[WhiteTeamCountry "CHN"]
[BlackTeamCountry "CHN"]

1. d4 d5 2. Nf3 Nf6 3. c4 e6 4. e3 c5 5. Nc3 Nc6 6. cxd5 Nxd5 7. Bc4 cxd4 8. Nxd4 Nxc3 9. bxc3 Na5 10. Bb5+ Bd7 11. Qa4 b6 12. 0-0 a6 13. Bxd7+ Qxd7 14. Qc2 Be7 15. Nb3 Nc4 16. Rd1 Qc7 17. a4 0-0 18. Nd2 Rfd8 19. Nxc4 Rxd1+ 20. Qxd1 Qxc4 21. Bb2 Rd8 22. Qc2 Bf6 23. Rd1 h6 24. Rxd8+ Bxd8 25. Qd1 Bf6 26. Qa1 Qb3 27. f4 Qc2 28. g3 Qd2 29. Qc1 Qxc1+ 30. Bxc1 Bxc3 31. Kf2 Kf8 32. Ke2 Ke7 33. Kd3 Bb4 34. Kc4 Bc5 35. e4 h5 36. a5 Kd6 37. axb6 Bxb6 38. Ba3+ Kc6 39. f5 exf5 40. exf5 g6 41. fxg6 fxg6 42. h3 Bc7 43. g4 hxg4 44. hxg4 Bd6 45. Bb2 a5 46. Bc1 a4 47. Be3 a3 48. Kb3 Kd5 49. Bg5 Ke4 50. Bf6 Kf4 51. g5 Kf5 52. Bd8 Ke6 53. Bf6 Be7 54. Bc3 Kf5 55. Bd2 Bxg5 56. Bb4 Bc1 57. Kc2 Bb2 58. Bd2 g5 59. Be3 g4 0-1

[Event "CHN-chB"]
[Site "Qinhuangdao"]
[Date "2017.07.16"]
[Round "1"]
[White "Zhang, Ziji"]
[Black "Liu, Chuming"]
[Result "1-0"]
[WhiteElo "2394"]
[BlackElo "1369"]
[PlyCount "45"]
[EventDate "2017.07.16"]
[EventType "swiss"]
[EventRounds "11"]
[EventCountry "CHN"]
[SourceTitle "CBM 179 Extra"]
[Source "ChessBase"]
[SourceDate "2017.08.23"]
[SourceVersion "1"]
[SourceVersionDate "2017.08.23"]
[SourceQuality "1"]

1. c4 c6 2. e4 e6 3. Nc3 Ne7 4. d4 d5 5. Nf3 dxc4 6. Bxc4 b5 7. Bb3 Bb7 8. Bg5 Qb6 9. 0-0 h6 10. Be3 Qd8 11. Re1 Ng6 12. d5 b4 13. dxe6 fxe6 14. Nd4 e5 15. Qh5 Qf6 16. Na4 Na6 17. Rac1 Nc7 18. Nf5 Ne6 19. Nh4 Qxh4 20. Qxg6+ Kd8 21. Qxe6 Qe7 22. Red1+ Kc7 23. Nc5 1-0

[Event "CHN Team"]
[Site "Wuxi"]
[Date "2016.08.03"]
[Round "8.6"]
[White "Liu, Chuming"]
[Black "Li, Shilong"]
[Result "1-0"]
[WhiteElo "1325"]
[BlackElo "2512"]
[PlyCount "49"]
[EventDate "2016.07.28"]
[EventType "team-swiss"]
[EventRounds "9"]
[EventCountry "CHN"]
[SourceTitle "CBM 173 Extra"]
[Source "ChessBase"]
[SourceDate "2016.08.29"]
[SourceVersion "1"]
[SourceVersionDate "2016.08.29"]
[SourceQuality "1"]
[WhiteTeam "Shaanxi"]
[BlackTeam "Guangdong"]
[WhiteTeamCountry "CHN"]
[BlackTeamCountry "CHN"]

1. e4 e6 2. Qe2 c5 3. Nf3 Nf6 4. g3 d5 5. exd5 Nxd5 6. Bg2 Be7 7. 0-0 0-0 8. Rd1 Nc6 9. d4 cxd4 10. Nxd4 Nxd4 11. Rxd4 Bf6 12. Rd1 Qb6 13. Nd2 Bd7 14. Ne4 Bxb2 15. Rb1 Bb5 16. c4 Ba6 17. Bxb2 Qc7 18. Rxd5 exd5 19. Nf6+ Kh8 20. Qh5 h6 21. Ne8 Qc6 22. Bxg7+ Kg8 23. Bf6 Qxc4 24. Qxh6 Qg4 25. Qh8# 1-0

[Event "CHN Team"]
[Site "Wuxi"]
[Date "2016.07.29"]
[Round "2.6"]
[White "Liu, Chuming"]
[Black "Li, Yankai"]
[Result "0-1"]
[WhiteElo "1325"]
[BlackElo "2234"]
[PlyCount "92"]
[EventDate "2016.07.28"]
[EventType "team-swiss"]
[EventRounds "9"]
[EventCountry "CHN"]
[SourceTitle "CBM 173 Extra"]
[Source "ChessBase"]
[SourceDate "2016.08.29"]
[SourceVersion "1"]
[SourceVersionDate "2016.08.29"]
[SourceQuality "1"]
[WhiteTeam "Shaanxi"]
[BlackTeam "Tianjing Chunhua"]
[WhiteTeamCountry "CHN"]
[BlackTeamCountry "CHN"]

1. d4 Nf6 2. c4 e6 3. Nf3 b6 4. g3 Bb7 5. Bg2 Be7 6. 0-0 0-0 7. Nc3 Ne4 8. Nxe4 Bxe4 9. Ne5 Bxg2 10. Kxg2 d6 11. Nf3 Nd7 12. e4 c5 13. d5 e5 14. Ne1 a6 15. a4 b5 16. axb5 axb5 17. Rxa8 Qxa8 18. cxb5 Rb8 19. Qd3 Qa4 20. Bd2 c4 21. Qc2 Qxb5 22. Bc3 f5 23. f3 Nb6 24. Kh1 Na4 25. Ng2 fxe4 26. fxe4 Qb3 27. Qxb3 Rxb3 28. Rc1 Bg5 29. Rc2 Nxc3 30. Rxc3 Rxb2 31. h4 Rb1+ 32. Kh2 Rc1 33. Rxc1 Bxc1 34. Ne1 Kf7 35. Nc2 Ke7 36. Kg2 Kd7 37. Kf2 Kc7 38. Ke2 Kb6 39. Kd1 Bh6 40. Nb4 g5 41. hxg5 Bxg5 42. g4 Kc5 43. Nc6 c3 44. Kc2 Kc4 45. Na5+ Kd4 46. Nb3+ Kxe4 0-1